[Event "DEM U14 2021"]
[Site "Willingen GER"]
[Date "2021.08.23"]
[Round "2"]
[White "Stork, Christopher"]
[Black "Costa, Leonardo"]
[Result "1/2-1/2"]
[Termination "normal"]
[Board "1"]
[BlackTitle "FM"]
[WhiteElo "1885"]
[BlackElo "2336"]
[WhiteClock "00:24:34"]
[BlackClock "00:11:15"]
[PlyCount "91"]
[WhiteFideId "16215400"]
[BlackFideId "16213955"]
[EventCountry "GER"]
[EventRounds "9"]
[EventType "swiss"]
[EventDate "2021.08.22"]

1. e4 {[%clk 1:30:57]} e5 {[%clk 1:30:56]} 2. Nf3 {[%clk 1:31:19]} Nc6 {[%clk
1:31:21]} 3. Bc4 {[%clk 1:31:43]} Bc5 {[%clk 1:31:47]} 4. c3 {[%clk 1:32:02]}
Nf6 {[%clk 1:32:09]} 5. d4 {[%clk 1:32:14]} exd4 {[%clk 1:32:33]} 6. e5 {[%clk
1:32:41]} d5 {[%clk 1:32:58]} 7. Bb5 {[%clk 1:33:06]} Ne4 {[%clk 1:33:20]} 8.
cxd4 {[%clk 1:33:31]} Bb6 {[%clk 1:33:38]} 9. Nc3 {[%clk 1:32:09]} O-O {[%clk
1:32:34]} 10. Be3 {[%clk 1:29:21]} Bg4 {[%clk 1:22:20]} 11. h3 {[%clk 1:24:56]}
Bxf3 {[%clk 1:10:27]} 12. gxf3 {[%clk 1:25:17]} Nxc3 {[%clk 1:07:22]} 13. bxc3
{[%clk 1:21:58]} f6 {[%clk 1:07:42]} 14. f4 {[%clk 1:18:02]} Qe7 {[%clk
0:37:21]} 15. Bxc6 {[%clk 1:02:10]} bxc6 {[%clk 0:37:43]} 16. Rg1 {[%clk
0:50:20]} Kh8 17. Rg3 {[%clk 0:39:29]} Rab8 {[%clk 0:20:06]} 18. Kf1 {[%clk
0:33:25]} Ba5 {[%clk 0:17:02]} 19. Qc2 {[%clk 0:32:06]} c5 {[%clk 0:13:50]} 20.
Kg2 {[%clk 0:28:50]} Bb6 {[%clk 0:12:24]} 21. Rb1 {[%clk 0:21:33]} c4 {[%clk
0:10:40]} 22. Re1 {[%clk 0:16:15]} Rbe8 {[%clk 0:06:30]} 23. Qd1 {[%clk
0:13:49]} Qf7 {[%clk 0:05:17]} 24. Qg4 {[%clk 0:13:08]} c6 {[%clk 0:03:30]} 25.
h4 {[%clk 0:09:20]} f5 26. Qf3 {[%clk 0:07:03]} Re6 {[%clk 0:02:38]} 27. Bc1
{[%clk 0:06:24]} Rh6 {[%clk 0:02:31]} 28. Ba3 {[%clk 0:06:08]} Re8 {[%clk
0:02:48]} 29. Rh1 {[%clk 0:06:11]} Rb8 {[%clk 0:01:20]} 30. Qd1 {[%clk
0:03:30]} Bd8 {[%clk 0:01:00]} 31. h5 {[%clk 0:03:36]} Rb5 {[%clk 0:00:31]} 32.
Bb4 {[%clk 0:02:29]} a5 {[%clk 0:00:43]} 33. Ba3 {[%clk 0:02:45]} Kg8 {[%clk
0:00:58]} 34. Qe2 {[%clk 0:02:38]} Qe8 {[%clk 0:01:03]} 35. Re3 {[%clk
0:02:13]} Qe6 {[%clk 0:01:18]} 36. Qc2 {[%clk 0:02:17]} Rb7 {[%clk 0:01:22]}
37. Rg3 {[%clk 0:02:17]} Qf7 {[%clk 0:01:41]} 38. Qe2 {[%clk 0:02:17]} Bc7
{[%clk 0:01:26]} 39. Rg5 {[%clk 0:02:13]} Bd8 {[%clk 0:01:49]} 40. Rg3 {[%clk
0:02:42]} Rb8 {[%clk 0:00:33]} 41. Qd1 {[%clk 0:29:55]} Re6 {[%clk 0:18:22]}
42. Qc2 {[%clk 0:26:37]} Rb5 {[%clk 0:18:01]} 43. Re3 {[%clk 0:25:37]} Rh6
{[%clk 0:10:41]} 44. Qe2 {[%clk 0:24:34]} Qe6 {[%clk 0:11:07]} 45. Rg3 {[%clk
0:24:26]} Kf7 {[%clk 0:11:15]} 46. Qc2 {[%clk 0:24:34]} 1/2-1/2

[Event "DEM U14 2021"]
[Site "Willingen GER"]
[Date "2021.08.23"]
[Round "2"]
[White "Deuer, Marius"]
[Black "Metzdorf, Matteo"]
[Result "1/2-1/2"]
[Termination "normal"]
[Board "2"]
[WhiteTitle "FM"]
[WhiteElo "2163"]
[BlackElo "1859"]
[WhiteClock "00:00:33"]
[BlackClock "00:00:56"]
[PlyCount "71"]
[WhiteFideId "16236432"]
[BlackFideId "16209869"]
[EventCountry "GER"]
[EventRounds "9"]
[EventType "swiss"]
[EventDate "2021.08.22"]

1. e4 {[%clk 1:30:54]} c5 {[%clk 1:30:29]} 2. Nf3 {[%clk 1:30:57]} e6 {[%clk
1:30:46]} 3. d4 {[%clk 1:30:42]} cxd4 {[%clk 1:31:06]} 4. Nxd4 {[%clk 1:31:07]}
a6 {[%clk 1:31:26]} 5. Bd3 {[%clk 1:29:56]} Qc7 {[%clk 1:30:45]} 6. O-O {[%clk
1:27:53]} Nf6 {[%clk 1:30:29]} 7. Qe2 {[%clk 1:26:59]} d6 {[%clk 1:27:08]} 8.
c4 {[%clk 1:21:15]} b6 {[%clk 1:25:09]} 9. b3 {[%clk 1:10:09]} Bb7 {[%clk
1:23:57]} 10. Bb2 {[%clk 1:10:03]} Nbd7 {[%clk 1:23:03]} 11. Nc3 {[%clk
1:09:59]} Be7 {[%clk 1:20:43]} 12. Kh1 {[%clk 0:59:45]} O-O {[%clk 1:01:23]}
13. f4 {[%clk 0:57:21]} h5 {[%clk 0:47:57]} 14. Rae1 {[%clk 0:50:04]} Rfe8
{[%clk 0:46:38]} 15. h3 {[%clk 0:45:29]} Rad8 {[%clk 0:30:01]} 16. Bc2 {[%clk
0:31:17]} h4 {[%clk 0:26:17]} 17. b4 {[%clk 0:22:42]} g6 {[%clk 0:11:16]} 18.
Nxe6 {[%clk 0:14:19]} fxe6 {[%clk 0:10:28]} 19. e5 {[%clk 0:14:43]} Nh5 {[%clk
0:08:17]} 20. Qg4 {[%clk 0:15:11]} Nf8 {[%clk 0:08:10]} 21. Bxg6 {[%clk
0:13:33]} Ng7 {[%clk 0:04:56]} 22. Bxe8 {[%clk 0:09:36]} Rxe8 {[%clk 0:05:24]}
23. Nd5 {[%clk 0:09:26]} Bxd5 {[%clk 0:04:04]} 24. cxd5 {[%clk 0:08:41]} dxe5
{[%clk 0:03:20]} 25. fxe5 {[%clk 0:02:34]} exd5 {[%clk 0:03:00]} 26. e6 {[%clk
0:02:37]} Qg3 {[%clk 0:02:40]} 27. Qd4 {[%clk 0:01:46]} Bd6 {[%clk 0:02:20]}
28. Qxg7+ {[%clk 0:00:43]} Qxg7 {[%clk 0:02:49]} 29. Bxg7 {[%clk 0:01:11]} Kxg7
{[%clk 0:03:17]} 30. Rf7+ {[%clk 0:00:50]} Kg8 {[%clk 0:03:24]} 31. Rf5 {[%clk
0:00:33]} Bxb4 {[%clk 0:01:31]} 32. Ree5 {[%clk 0:00:39]} Ng6 {[%clk 0:01:18]}
33. Re2 {[%clk 0:00:33]} d4 {[%clk 0:01:11]} 34. Re4 {[%clk 0:00:32]} Bc5
{[%clk 0:01:10]} 35. Kh2 {[%clk 0:00:35]} Re7 {[%clk 0:00:56]} 36. Rg5 {[%clk
0:00:33]} 1/2-1/2

[Event "DEM U14 2021"]
[Site "Willingen GER"]
[Date "2021.08.23"]
[Round "2"]
[White "Bakiev, Diyor"]
[Black "Guo, Philipp Ziming"]
[Result "1-0"]
[Termination "normal"]
[Board "3"]
[WhiteElo "2119"]
[BlackElo "1728"]
[WhiteClock "00:07:42"]
[BlackClock "00:11:37"]
[PlyCount "45"]
[WhiteFideId "16241584"]
[BlackFideId "16245199"]
[EventCountry "GER"]
[EventRounds "9"]
[EventType "swiss"]
[EventDate "2021.08.22"]

1. e4 {[%clk 1:30:57]} c5 {[%clk 1:30:51]} 2. Nf3 {[%clk 1:31:16]} d6 {[%clk
1:30:58]} 3. d4 {[%clk 1:31:40]} cxd4 {[%clk 1:31:22]} 4. Nxd4 {[%clk 1:32:04]}
Nf6 {[%clk 1:31:47]} 5. Nc3 {[%clk 1:32:25]} a6 {[%clk 1:32:08]} 6. Bg5 {[%clk
1:32:23]} Nbd7 {[%clk 1:32:18]} 7. g3 {[%clk 1:25:07]} b5 {[%clk 1:29:31]} 8.
Bg2 {[%clk 1:24:27]} Bb7 {[%clk 1:29:41]} 9. O-O {[%clk 1:24:07]} Qc7 {[%clk
1:27:12]} 10. Nd5 {[%clk 1:12:54]} Nxd5 {[%clk 1:21:24]} 11. exd5 {[%clk
1:12:52]} h6 {[%clk 1:17:14]} 12. Qh5 {[%clk 0:53:24]} O-O-O {[%clk 0:58:06]}
13. Be3 {[%clk 0:41:04]} g6 {[%clk 0:44:20]} 14. Qe2 Nb6 15. a4 {[%clk
0:28:24]} b4 {[%clk 0:30:35]} 16. Nc6 {[%clk 0:24:30]} Re8 {[%clk 0:22:51]} 17.
a5 {[%clk 0:18:08]} Nd7 {[%clk 0:15:38]} 18. Nxb4 {[%clk 0:15:18]} Nc5 {[%clk
0:13:09]} 19. Bxc5 {[%clk 0:10:48]} dxc5 {[%clk 0:12:48]} 20. d6 {[%clk
0:08:45]} Qxd6 {[%clk 0:11:27]} 21. Bxb7+ {[%clk 0:09:08]} Kxb7 {[%clk
0:11:50]} 22. Qe4+ {[%clk 0:07:59]} Kb8 {[%clk 0:11:37]} 23. Rfd1 {[%clk
0:07:42]} 1-0

[Event "DEM U14 2021"]
[Site "Willingen GER"]
[Date "2021.08.23"]
[Round "2"]
[White "Nitsche, Nikolai"]
[Black "Ohler, Julius"]
[Result "1/2-1/2"]
[Termination "normal"]
[Board "4"]
[WhiteElo "1835"]
[BlackElo "2014"]
[WhiteClock "00:18:58"]
[BlackClock "00:30:10"]
[PlyCount "56"]
[WhiteFideId "16221036"]
[BlackFideId "16238982"]
[EventCountry "GER"]
[EventRounds "9"]
[EventType "swiss"]
[EventDate "2021.08.22"]

1. e4 {[%clk 1:30:44]} c6 {[%clk 1:30:55]} 2. Nf3 {[%clk 1:31:09]} d5 {[%clk
1:31:20]} 3. Nc3 {[%clk 1:31:31]} Bg4 {[%clk 1:31:10]} 4. h3 {[%clk 1:30:52]}
Bxf3 {[%clk 1:31:35]} 5. Qxf3 {[%clk 1:31:15]} e6 {[%clk 1:32:02]} 6. Be2
{[%clk 1:30:53]} Nf6 {[%clk 1:28:21]} 7. O-O {[%clk 1:30:11]} Nbd7 {[%clk
1:25:17]} 8. d4 {[%clk 1:27:37]} dxe4 {[%clk 1:25:14]} 9. Nxe4 {[%clk 1:27:58]}
Nxe4 {[%clk 1:25:16]} 10. Qxe4 {[%clk 1:28:18]} Nf6 {[%clk 1:25:41]} 11. Qd3
{[%clk 1:28:31]} Qc7 {[%clk 1:24:26]} 12. Bg5 {[%clk 1:23:59]} Be7 {[%clk
1:23:33]} 13. c3 {[%clk 1:16:05]} O-O {[%clk 1:22:58]} 14. Qc2 {[%clk 1:15:16]}
Rfd8 {[%clk 1:20:09]} 15. Bc4 {[%clk 1:11:15]} Qa5 {[%clk 1:12:04]} 16. Bh4
{[%clk 1:10:22]} Qh5 {[%clk 1:04:04]} 17. Bg3 {[%clk 0:54:44]} Bd6 {[%clk
0:45:46]} 18. f4 {[%clk 0:51:02]} Qg6 {[%clk 0:42:50]} 19. Qxg6 {[%clk
0:50:28]} hxg6 {[%clk 0:43:12]} 20. Bh4 {[%clk 0:45:50]} Rd7 {[%clk 0:41:26]}
21. Bxf6 {[%clk 0:44:20]} gxf6 {[%clk 0:41:33]} 22. Rad1 {[%clk 0:34:14]} Rad8
{[%clk 0:40:20]} 23. Rf3 {[%clk 0:29:17]} f5 {[%clk 0:38:33]} 24. g3 {[%clk
0:27:05]} Kg7 {[%clk 0:38:35]} 25. Kg2 {[%clk 0:27:10]} Kf6 {[%clk 0:38:29]}
26. h4 {[%clk 0:26:59]} Bc7 {[%clk 0:37:01]} 27. b4 {[%clk 0:25:02]} Bb6 {[%clk
0:34:54]} 28. Rfd3 {[%clk 0:18:58]} Rd6 {[%clk 0:30:10]} 1/2-1/2

[Event "DEM U14 2021"]
[Site "Willingen GER"]
[Date "2021.08.23"]
[Round "2"]
[White "Fuhrmann, Bahne"]
[Black "Heinrich, John"]
[Result "1/2-1/2"]
[Termination "normal"]
[Board "5"]
[WhiteElo "1796"]
[BlackElo "1911"]
[WhiteClock "00:01:28"]
[BlackClock "00:10:01"]
[PlyCount "76"]
[WhiteFideId "16244842"]
[BlackFideId "16259491"]
[EventCountry "GER"]
[EventRounds "9"]
[EventType "swiss"]
[EventDate "2021.08.22"]

1. e4 {[%clk 1:30:59]} c5 {[%clk 1:30:56]} 2. Nf3 {[%clk 1:31:23]} e6 {[%clk
1:31:22]} 3. g3 {[%clk 1:31:33]} Nc6 {[%clk 1:31:20]} 4. Bg2 {[%clk 1:31:42]}
Nf6 {[%clk 1:29:19]} 5. Qe2 {[%clk 1:25:48]} d6 {[%clk 1:28:15]} 6. O-O {[%clk
1:25:33]} Be7 {[%clk 1:28:34]} 7. c3 {[%clk 1:25:00]} O-O {[%clk 1:23:34]} 8.
d4 {[%clk 1:23:52]} e5 {[%clk 1:22:13]} 9. Rd1 {[%clk 1:21:52]} Qc7 {[%clk
1:20:23]} 10. d5 {[%clk 1:16:01]} Nb8 {[%clk 1:19:47]} 11. Nh4 {[%clk 1:14:31]}
g6 {[%clk 1:17:19]} 12. f4 {[%clk 1:10:00]} exf4 {[%clk 1:17:09]} 13. Bxf4
{[%clk 1:10:00]} Nh5 {[%clk 1:16:29]} 14. Nf5 {[%clk 1:03:05]} Nxf4 {[%clk
1:06:44]} 15. Nxe7+ {[%clk 1:03:21]} Qxe7 {[%clk 1:07:09]} 16. gxf4 {[%clk
1:03:47]} Qh4 {[%clk 1:06:02]} 17. Qf2 {[%clk 1:00:48]} Qxf2+ 18. Kxf2 {[%clk
1:01:14]} Bg4 {[%clk 1:06:24]} 19. Re1 {[%clk 1:00:34]} Nd7 {[%clk 1:04:11]}
20. Na3 {[%clk 0:59:23]} Nb6 {[%clk 1:03:10]} 21. Nb5 {[%clk 0:53:00]} Rfd8
{[%clk 0:57:02]} 22. h3 {[%clk 0:51:39]} Bh5 {[%clk 0:57:22]} 23. b4 {[%clk
0:44:59]} cxb4 {[%clk 0:54:36]} 24. cxb4 {[%clk 0:45:15]} a6 {[%clk 0:54:10]}
25. Nd4 {[%clk 0:43:17]} Rac8 {[%clk 0:53:03]} 26. Rac1 {[%clk 0:42:44]} Na4
{[%clk 0:41:33]} 27. e5 {[%clk 0:31:13]} Nb2 {[%clk 0:38:28]} 28. Rxc8 {[%clk
0:26:14]} Rxc8 {[%clk 0:38:53]} 29. Bf1 {[%clk 0:26:24]} Nd1+ {[%clk 0:33:04]}
30. Kg1 {[%clk 0:23:38]} Kf8 {[%clk 0:30:51]} 31. b5 {[%clk 0:14:46]} Rc5
{[%clk 0:18:39]} 32. Bg2 {[%clk 0:11:23]} Ke7 {[%clk 0:12:16]} 33. bxa6 {[%clk
0:10:08]} bxa6 {[%clk 0:12:18]} 34. Nc6+ {[%clk 0:07:54]} Kd7 {[%clk 0:12:04]}
35. e6+ {[%clk 0:07:20]} Ke8 {[%clk 0:12:22]} 36. Re4 {[%clk 0:05:19]} Nc3
{[%clk 0:10:21]} 37. Rb4 {[%clk 0:04:13]} Rb5 {[%clk 0:10:37]} 38. a3 {[%clk
0:01:28]} Be2 {[%clk 0:10:01]} 1/2-1/2

[Event "DEM U14 2021"]
[Site "Willingen GER"]
[Date "2021.08.23"]
[Round "2"]
[White "Herter, Arne"]
[Black "Zhou, Lepu Coco"]
[Result "1/2-1/2"]
[Termination "normal"]
[Board "6"]
[WhiteElo "1740"]
[BlackElo "2009"]
[WhiteClock "00:32:30"]
[BlackClock "00:14:41"]
[PlyCount "119"]
[WhiteFideId "16255372"]
[BlackFideId "16217136"]
[EventCountry "GER"]
[EventRounds "9"]
[EventType "swiss"]
[EventDate "2021.08.22"]

1. e4 {[%clk 1:30:58]} e5 {[%clk 1:30:51]} 2. Nf3 {[%clk 1:31:22]} Nc6 {[%clk
1:31:11]} 3. d4 {[%clk 1:31:47]} exd4 {[%clk 1:31:34]} 4. Bc4 {[%clk 1:32:13]}
Nf6 {[%clk 1:31:53]} 5. O-O {[%clk 1:32:37]} Nxe4 {[%clk 1:32:08]} 6. Re1
{[%clk 1:33:02]} d5 {[%clk 1:32:27]} 7. Bxd5 {[%clk 1:33:27]} Qxd5 {[%clk
1:32:51]} 8. Nc3 {[%clk 1:33:47]} Qa5 {[%clk 1:33:06]} 9. Nxe4 {[%clk 1:34:06]}
Be6 {[%clk 1:33:20]} 10. Neg5 {[%clk 1:28:32]} O-O-O {[%clk 1:33:35]} 11. Nxe6
{[%clk 1:27:00]} fxe6 {[%clk 1:33:58]} 12. Rxe6 {[%clk 1:20:04]} Bd6 {[%clk
1:33:32]} 13. Bg5 {[%clk 1:20:00]} Rdf8 {[%clk 1:29:56]} 14. Bh4 {[%clk
1:14:53]} Qf5 {[%clk 1:22:40]} 15. Qe2 {[%clk 1:11:14]} g5 {[%clk 0:59:53]} 16.
Bg3 {[%clk 1:10:29]} Bxg3 {[%clk 0:59:21]} 17. hxg3 {[%clk 1:07:58]} h5 {[%clk
0:56:42]} 18. Rd1 {[%clk 1:04:41]} h4 {[%clk 0:56:28]} 19. gxh4 {[%clk
0:47:24]} gxh4 {[%clk 0:56:49]} 20. Nxd4 {[%clk 0:47:29]} Nxd4 {[%clk 0:57:03]}
21. Rxd4 {[%clk 0:47:48]} h3 {[%clk 0:57:07]} 22. Rde4 {[%clk 0:45:26]} Qxf2+
{[%clk 0:52:45]} 23. Qxf2 {[%clk 0:44:23]} h2+ {[%clk 0:53:09]} 24. Kh1 {[%clk
0:44:42]} Rxf2 {[%clk 0:53:30]} 25. Re8+ {[%clk 0:41:46]} Rxe8 {[%clk 0:53:54]}
26. Rxe8+ {[%clk 0:42:00]} Kd7 {[%clk 0:54:21]} 27. Re3 {[%clk 0:41:59]} Rxc2
{[%clk 0:54:18]} 28. Rb3 {[%clk 0:42:19]} b6 {[%clk 0:54:09]} 29. a3 {[%clk
0:31:28]} c5 {[%clk 0:53:51]} 30. Rd3+ {[%clk 0:27:59]} Ke6 {[%clk 0:52:56]}
31. b3 {[%clk 0:28:02]} b5 {[%clk 0:52:59]} 32. Kxh2 {[%clk 0:24:08]} Ra2
{[%clk 0:52:27]} 33. a4 bxa4 {[%clk 0:52:38]} 34. bxa4 {[%clk 0:19:50]} Rxa4
{[%clk 0:53:03]} 35. Kh3 {[%clk 0:19:56]} Ke5 {[%clk 0:51:02]} 36. g4 {[%clk
0:19:22]} c4 {[%clk 0:49:14]} 37. Rd8 {[%clk 0:19:01]} c3 {[%clk 0:48:38]} 38.
Rc8 {[%clk 0:19:07]} Kd4 {[%clk 0:48:51]} 39. g5 {[%clk 0:19:13]} Ra5 {[%clk
0:47:14]} 40. Kg4 {[%clk 0:16:31]} Rc5 {[%clk 0:43:13]} 41. Rd8+ {[%clk
0:15:06]} Rd5 {[%clk 0:37:48]} 42. Rc8 {[%clk 0:09:58]} Kd3 {[%clk 0:36:47]}
43. g6 {[%clk 0:10:06]} Rd7 {[%clk 0:37:04]} 44. Kf5 {[%clk 0:09:29]} c2 {[%clk
0:36:41]} 45. Ke6 {[%clk 0:09:40]} Rg7 {[%clk 0:35:56]} 46. Kf6 {[%clk
0:09:54]} Rg8 {[%clk 0:34:09]} 47. Rc7 {[%clk 0:07:06]} Rf8+ {[%clk 0:17:02]}
48. Ke7 {[%clk 0:06:54]} Rf3 {[%clk 0:12:13]} 49. g7 {[%clk 0:05:43]} Rg3
{[%clk 0:11:30]} 50. Kf8 {[%clk 0:05:03]} a5 {[%clk 0:05:53]} 51. Rd7+ {[%clk
0:04:54]} Kc3 {[%clk 0:03:56]} 52. Rc7+ {[%clk 0:05:06]} Kd2 {[%clk 0:02:38]}
53. Rd7+ {[%clk 0:05:15]} Kc1 {[%clk 0:00:46]} 54. Ra7 {[%clk 0:03:17]} Kb2
{[%clk 0:22:41]} 55. Rb7+ {[%clk 0:33:28]} Ka3 {[%clk 0:18:18]} 56. Rc7 {[%clk
0:33:06]} Rg2 {[%clk 0:15:25]} 57. g8=Q {[%clk 0:32:01]} Rxg8+ {[%clk 0:15:49]}
58. Kxg8 {[%clk 0:32:18]} Kb2 {[%clk 0:14:27]} 59. Rb7+ {[%clk 0:32:30]} Kc1
{[%clk 0:14:41]} 60. Ra7 1/2-1/2

[Event "DEM U14 2021"]
[Site "Willingen GER"]
[Date "2021.08.23"]
[Round "2"]
[White "Foerster-Yialamas, Lucas"]
[Black "Bock, Marlon"]
[Result "1-0"]
[Termination "normal"]
[Board "8"]
[WhiteTitle "CM"]
[WhiteElo "1881"]
[BlackElo "1767"]
[WhiteClock "00:36:39"]
[BlackClock "00:07:38"]
[PlyCount "69"]
[WhiteFideId "30901774"]
[BlackFideId "16244931"]
[EventCountry "GER"]
[EventRounds "9"]
[EventType "swiss"]
[EventDate "2021.08.22"]

1. e4 {[%clk 1:30:58]} e5 {[%clk 1:30:53]} 2. Nf3 {[%clk 1:31:23]} Nc6 {[%clk
1:31:06]} 3. Bb5 {[%clk 1:31:52]} a6 {[%clk 1:31:23]} 4. Ba4 {[%clk 1:32:21]}
Nf6 {[%clk 1:31:37]} 5. d4 {[%clk 1:32:50]} Be7 {[%clk 1:26:58]} 6. d5 {[%clk
1:29:20]} Nb8 {[%clk 1:23:06]} 7. Qe2 {[%clk 1:25:17]} b5 {[%clk 1:21:40]} 8.
Bb3 {[%clk 1:25:37]} d6 {[%clk 1:21:51]} 9. a4 {[%clk 1:25:32]} bxa4 {[%clk
1:17:51]} 10. Bxa4+ {[%clk 1:25:54]} Bd7 {[%clk 1:17:57]} 11. Nc3 {[%clk
1:23:30]} O-O {[%clk 1:16:50]} 12. O-O {[%clk 1:21:37]} c6 13. dxc6 {[%clk
1:19:49]} Nxc6 {[%clk 1:14:38]} 14. Bg5 {[%clk 1:17:34]} Nb4 {[%clk 1:05:12]}
15. Bxd7 {[%clk 1:15:17]} Nxd7 {[%clk 1:04:49]} 16. Bxe7 {[%clk 1:15:09]} Qxe7
{[%clk 1:05:11]} 17. Ra4 {[%clk 1:15:20]} a5 {[%clk 1:04:32]} 18. Rd1 {[%clk
1:10:55]} Nc5 {[%clk 1:02:58]} 19. Ra3 {[%clk 1:10:39]} f5 {[%clk 0:57:58]} 20.
exf5 {[%clk 1:09:54]} Rxf5 {[%clk 0:57:46]} 21. Qc4+ {[%clk 1:07:45]} Kh8
{[%clk 0:51:08]} 22. Nd5 {[%clk 1:06:35]} Qf7 {[%clk 0:46:31]} 23. Qxb4 {[%clk
1:01:11]} e4 {[%clk 0:35:34]} 24. Ne3 {[%clk 0:59:10]} Rf8 {[%clk 0:31:29]} 25.
Qd2 {[%clk 0:52:35]} Rf6 {[%clk 0:17:17]} 26. Ng5 {[%clk 0:49:55]} Qh5 {[%clk
0:16:21]} 27. Nh3 {[%clk 0:49:33]} g5 {[%clk 0:13:39]} 28. Nd5 {[%clk 0:39:27]}
Rf5 {[%clk 0:11:07]} 29. Ne7 {[%clk 0:38:06]} Re5 {[%clk 0:10:05]} 30. Qxd6
{[%clk 0:37:20]} Rxe7 {[%clk 0:09:56]} 31. Rf1 {[%clk 0:37:12]} Ref7 {[%clk
0:08:33]} 32. Qxc5 {[%clk 0:37:30]} Rf5 {[%clk 0:08:24]} 33. Qc3+ {[%clk
0:36:53]} Kg8 {[%clk 0:07:59]} 34. Rxa5 {[%clk 0:36:24]} g4 {[%clk 0:07:38]}
35. Nf4 {[%clk 0:36:39]} 1-0

[Event "DEM U14 2021"]
[Site "Willingen GER"]
[Date "2021.08.23"]
[Round "2"]
[White "Andrade, Ruben"]
[Black "Hänselmann, Hendrik"]
[Result "0-1"]
[Termination "normal"]
[Board "9"]
[WhiteElo "1638"]
[BlackElo "1859"]
[WhiteClock "00:00:56"]
[BlackClock "00:48:34"]
[PlyCount "48"]
[WhiteFideId "16246829"]
[BlackFideId "16232755"]
[EventCountry "GER"]
[EventRounds "9"]
[EventType "swiss"]
[EventDate "2021.08.22"]

1. e4 {[%clk 1:30:58]} c5 {[%clk 1:30:55]} 2. c4 {[%clk 1:31:23]} Nc6 {[%clk
1:31:22]} 3. Nc3 {[%clk 1:31:48]} e6 {[%clk 1:31:45]} 4. g3 {[%clk 1:32:12]}
Nf6 {[%clk 1:32:11]} 5. Bg2 {[%clk 1:32:34]} d5 {[%clk 1:32:37]} 6. exd5 {[%clk
1:23:42]} exd5 {[%clk 1:33:03]} 7. Qe2+ {[%clk 0:52:55]} Be7 {[%clk 1:32:39]}
8. d3 {[%clk 0:51:19]} Nd4 {[%clk 1:32:01]} 9. Qd1 {[%clk 0:48:20]} dxc4 {[%clk
1:31:39]} 10. Nf3 {[%clk 0:35:53]} Nxf3+ {[%clk 1:25:03]} 11. Bxf3 {[%clk
0:36:10]} cxd3 {[%clk 1:23:58]} 12. O-O {[%clk 0:35:47]} O-O {[%clk 1:24:00]}
13. b3 {[%clk 0:32:28]} Bh3 {[%clk 1:20:44]} 14. Re1 {[%clk 0:30:43]} Qd7
{[%clk 1:18:55]} 15. Bd2 {[%clk 0:26:03]} Rad8 {[%clk 1:18:25]} 16. Rc1 {[%clk
0:24:15]} Rfe8 {[%clk 1:14:02]} 17. Na4 {[%clk 0:22:06]} b6 {[%clk 1:11:35]}
18. Nb2 {[%clk 0:20:11]} Ng4 {[%clk 1:06:07]} 19. Rc4 {[%clk 0:09:07]} f5
{[%clk 0:58:16]} 20. Bxg4 {[%clk 0:00:42]} Bxg4 {[%clk 0:54:57]} 21. f3 {[%clk
0:00:49]} Bh5 {[%clk 0:49:42]} 22. Be3 {[%clk 0:00:36]} d2 {[%clk 0:48:27]} 23.
Rf1 {[%clk 0:00:56]} Bf6 {[%clk 0:48:33]} 24. Bf2 Bxb2 {[%clk 0:48:34]} 0-1

[Event "DEM U14 2021"]
[Site "Willingen GER"]
[Date "2021.08.23"]
[Round "2"]
[White "Schott, Andy"]
[Black "Hagner, Bennet"]
[Result "0-1"]
[Termination "normal"]
[Board "10"]
[WhiteElo "1555"]
[BlackElo "2118"]
[WhiteClock "00:02:07"]
[BlackClock "00:11:23"]
[PlyCount "60"]
[WhiteFideId "16244940"]
[BlackFideId "16224477"]
[EventCountry "GER"]
[EventRounds "9"]
[EventType "swiss"]
[EventDate "2021.08.22"]

1. c4 {[%clk 1:30:57]} c6 {[%clk 1:30:55]} 2. Nf3 {[%clk 1:31:25]} d5 {[%clk
1:31:19]} 3. e3 {[%clk 1:31:48]} Nf6 {[%clk 1:31:44]} 4. Nc3 {[%clk 1:32:15]}
e6 {[%clk 1:32:04]} 5. b3 {[%clk 1:32:37]} Bd6 {[%clk 1:32:25]} 6. Bb2 {[%clk
1:32:54]} O-O {[%clk 1:32:44]} 7. Be2 {[%clk 1:33:04]} e5 {[%clk 1:29:52]} 8.
cxd5 {[%clk 1:32:26]} cxd5 {[%clk 1:30:20]} 9. Nb5 {[%clk 1:32:37]} Nc6 {[%clk
1:30:35]} 10. Nxd6 {[%clk 1:32:49]} Qxd6 {[%clk 1:30:59]} 11. d3 {[%clk
1:31:42]} d4 {[%clk 1:22:20]} 12. exd4 {[%clk 1:28:13]} exd4 {[%clk 1:21:17]}
13. O-O {[%clk 1:28:33]} b5 {[%clk 1:14:54]} 14. Rc1 {[%clk 1:17:49]} Bb7
{[%clk 1:12:29]} 15. Nd2 {[%clk 1:14:19]} Ne5 {[%clk 1:06:09]} 16. Ne4 {[%clk
1:00:38]} Nxe4 {[%clk 0:59:52]} 17. dxe4 {[%clk 1:00:51]} Rad8 {[%clk 0:57:47]}
18. Bxb5 {[%clk 0:42:50]} Bxe4 {[%clk 0:56:18]} 19. Re1 {[%clk 0:37:52]} Bxg2
{[%clk 0:49:12]} 20. Kxg2 {[%clk 0:27:27]} Qd5+ {[%clk 0:49:41]} 21. f3 {[%clk
0:24:28]} Qxb5 {[%clk 0:50:04]} 22. a4 {[%clk 0:20:20]} Qd5 {[%clk 0:41:24]}
23. Ba3 {[%clk 0:15:35]} Ng4 {[%clk 0:18:18]} 24. Bxf8 {[%clk 0:10:33]} Kxf8
{[%clk 0:15:16]} 25. Qd3 {[%clk 0:04:40]} Ne3+ {[%clk 0:14:26]} 26. Rxe3 {[%clk
0:04:34]} Qg5+ {[%clk 0:14:26]} 27. Kf1 {[%clk 0:04:01]} dxe3 {[%clk 0:14:07]}
28. Qc3 {[%clk 0:03:19]} Qf4 {[%clk 0:11:06]} 29. Qc5+ {[%clk 0:01:52]} Kg8
{[%clk 0:11:23]} 30. Qh5 {[%clk 0:02:07]} e2+ {[%clk 0:11:23]} 0-1

[Event "DEM U14 2021"]
[Site "Willingen GER"]
[Date "2021.08.23"]
[Round "2"]
[White "Ehrig, Leon Chris"]
[Black "von Mettenheim, Johannes"]
[Result "1-0"]
[Termination "normal"]
[Board "11"]
[WhiteElo "1671"]
[BlackElo "1953"]
[WhiteClock "00:15:52"]
[BlackClock "00:33:04"]
[PlyCount "49"]
[WhiteFideId "16244796"]
[BlackFideId "16244818"]
[EventCountry "GER"]
[EventRounds "9"]
[EventType "swiss"]
[EventDate "2021.08.22"]

1. e4 {[%clk 1:30:53]} c6 {[%clk 1:30:58]} 2. Nc3 {[%clk 1:31:17]} d5 {[%clk
1:31:24]} 3. Qe2 {[%clk 1:31:40]} Nf6 {[%clk 1:28:52]} 4. e5 {[%clk 1:30:06]}
Nfd7 {[%clk 1:29:17]} 5. f4 {[%clk 1:26:12]} e6 {[%clk 1:29:18]} 6. Nf3 {[%clk
1:24:42]} c5 {[%clk 1:27:05]} 7. d3 {[%clk 1:20:56]} Nc6 {[%clk 1:27:21]} 8.
Bd2 {[%clk 1:20:01]} Rb8 {[%clk 1:27:03]} 9. g3 {[%clk 1:16:47]} b5 {[%clk
1:27:26]} 10. Bg2 {[%clk 1:16:30]} Qb6 {[%clk 1:26:48]} 11. O-O {[%clk
1:13:40]} b4 {[%clk 1:17:26]} 12. Nd1 {[%clk 1:06:16]} c4+ {[%clk 1:14:12]} 13.
Kh1 {[%clk 1:04:22]} Ba6 {[%clk 1:14:11]} 14. f5 {[%clk 1:03:17]} cxd3 {[%clk
1:13:23]} 15. cxd3 {[%clk 1:00:57]} Nc5 {[%clk 0:56:18]} 16. fxe6 {[%clk
0:58:24]} Nxe6 {[%clk 0:56:34]} 17. Ng5 {[%clk 0:57:33]} Nxg5 {[%clk 0:49:01]}
18. Bxg5 {[%clk 0:56:22]} Be7 {[%clk 0:49:26]} 19. e6 {[%clk 0:24:31]} Bxg5
{[%clk 0:33:56]} 20. Qh5 {[%clk 0:15:25]} Be7 {[%clk 0:34:21]} 21. Rxf7 {[%clk
0:15:17]} Nd8 {[%clk 0:31:57]} 22. Rxg7+ {[%clk 0:15:02]} Kf8 {[%clk 0:32:20]}
23. Rf7+ {[%clk 0:15:06]} Ke8 {[%clk 0:32:37]} 24. Rxh7+ {[%clk 0:15:29]} Kf8
{[%clk 0:33:04]} 25. Rxh8+ {[%clk 0:15:52]} 1-0